00328nam a2200133Ia 4500008004100000020001500041041001200056082001600068100001400084245003800098260003400136300000800170650001600178221030s9999 xx 000 0 und d a8187522615 aEnglish a105.23bBan aR. Bangia 0aLearning Excel 2000cby R. Bangia bKhanna Pub.,aNew Delhic2000 a151 aBE Computer